[Event "XXVI Festival A"]
[Site "Arco ITA"]
[Date "2014.10.05"]
[Round "2"]
[White "Pipitone, Antonio"]
[Black "Pedersen, Henrik Bolding"]
[WhiteElo "1955"]
[BlackElo "2142"]
[Result "0-1"]
[PlyCount "112"]
[EventDate "2014.10.04"]

1. e4 c5 2. Nf3 Nc6 3. d4 cxd4 4. Nxd4 Nf6 5. Nc3 e6 6. Be2 Bb4 7. Nxc6 bxc6 8.
f3 d5 9. e5 Nd7 10. f4 Qb6 11. a3 Be7 12. b4 a5 13. Na4 Qc7 14. c3 axb4 15.
axb4 O-O 16. Be3 c5 17. Nxc5 Rxa1 18. Qxa1 Nxc5 19. bxc5 Bxc5 20. Qc1 Qb6 21.
Kf2 f6 22. exf6 Rxf6 23. g3 e5 24. Bxc5 Qxc5+ 25. Qe3 Qd6 26. Rd1 exf4 27. gxf4
Rxf4+ 28. Ke1 Rf8 29. Bf3 Bb7 30. Qe2 Bc6 31. Qg2 Qe5+ 32. Kd2 Qf4+ 33. Ke2
Re8+ 34. Kf2 Qe3+ 35. Kg3 Qg5+ 36. Kf2 Qe3+ 37. Kg3 Qxc3 38. Qd2 Qe5+ 39. Kg2
Rd8 40. Qa5 Qg5+ 41. Kh1 Qf6 42. Bg2 d4 43. Qa2+ Kh8 44. Qc4 Bxg2+ 45. Kxg2 Qf4
46. Rf1 Qe4+ 47. Kg3 Qe3+ 48. Kg2 h6 49. Rf3 Qd2+ 50. Rf2 Qg5+ 51. Kh1 d3 52.
Rf1 d2 53. Rd1 Qe3 54. Qf1 Re8 55. Kg2 Re5 56. Qf2 Qe4+ 0-1

[Event "XXVI Festival A"]
[Site "Arco ITA"]
[Date "2014.10.05"]
[Round "2"]
[White "Pistone, Salvatore"]
[Black "Liekens, Ronny"]
[WhiteElo "1561"]
[BlackElo "1790"]
[Result "0-1"]
[PlyCount "93"]
[EventDate "2014.10.04"]

1. e4 c5 2. d4 cxd4 3. Qxd4 Nc6 4. Qd1 Nf6 5. Nc3 d6 6. Nf3 g6 7. Be2 Bg7 8.
O-O O-O 9. Bd2 a6 10. a4 Bd7 11. Qc1 Rc8 12. Bh6 Qa5 13. Bxg7 Kxg7 14. Qd2 Ne5
15. Nxe5 Qxe5 16. f4 Qc5+ 17. Kh1 Bc6 18. Bf3 Rcd8 19. Rad1 Qb4 20. Rfe1 Qxb2
21. Ra1 Qb4 22. Qe3 Qc5 23. Qxc5 dxc5 24. Rad1 Rd4 25. Rxd4 cxd4 26. Nd5 e6 27.
Nb6 Rd8 28. Kg1 Nd7 29. a5 Nxb6 30. axb6 d3 31. cxd3 Rxd3 32. Kf2 Rb3 33. Re2
Rxb6 34. Ra2 Rb3 35. Ke2 Bb5+ 36. Kd2 Rd3+ 37. Kc2 Rd7 38. Kc3 Kf8 39. Kb4 b6
40. Rc2 Rd4+ 41. Kc3 Rc4+ 42. Kb2 Rxc2+ 43. Kxc2 Ke7 44. Kc3 f6 45. Kb4 Kd7 46.
g4 e5 47. f5 0-1

[Event "XXVI Festival A"]
[Site "Arco ITA"]
[Date "2014.10.05"]
[Round "2"]
[White "Popa, Claudiu"]
[Black "Buglisi, Massimo"]
[WhiteElo "2119"]
[BlackElo "1923"]
[Result "1/2-1/2"]
[PlyCount "36"]
[EventDate "2014.10.04"]

1. e4 d6 2. d4 Nf6 3. Bd3 e5 4. c3 d5 5. dxe5 Nxe4 6. Nf3 Nc6 7. Qe2 Nc5 8. Bc2
Bg4 9. b4 Ne6 10. b5 Na5 11. h3 Bf5 12. O-O Nc4 13. Re1 Be7 14. Bd3 Qd7 15. a4
Na5 16. Bc2 Nc4 17. Bd3 Na5 18. Bc2 Nc4 1/2-1/2

[Event "XXVI Festival A"]
[Site "Arco ITA"]
[Date "2014.10.05"]
[Round "2"]
[White "Pretto, Aldo"]
[Black "Cardarelli, Angelo"]
[WhiteElo "1746"]
[BlackElo "2041"]
[Result "0-1"]
[PlyCount "82"]
[EventDate "2014.10.04"]

1. e4 e6 2. d3 c5 3. g3 Nc6 4. Bg2 g6 5. Nd2 Bg7 6. Ne2 Nge7 7. O-O O-O 8. c3
d5 9. Qc2 b5 10. exd5 exd5 11. Nf3 Bf5 12. Nh4 Bg4 13. h3 Bd7 14. Bd2 Rc8 15.
Rad1 d4 16. a3 a5 17. Qc1 Re8 18. Rfe1 Qb6 19. Nf3 a4 20. Bh6 Bh8 21. Bf4 Be6
22. Ng5 Bb3 23. Rd2 Nd5 24. Ne4 Nxf4 25. Nxf4 Ne5 26. Rde2 f5 27. Nd2 Bf7 28.
Qc2 dxc3 29. bxc3 Qd6 30. c4 Red8 31. Nd5 Bg7 32. f4 Nc6 33. Ne7+ Nxe7 34. Rxe7
Qxd3 35. Qxd3 Rxd3 36. Nf3 Bxc4 37. Ng5 Rxg3 38. Re8+ Rxe8 39. Rxe8+ Bf8 40.
Kh2 Rxa3 41. Bf1 Bxf1 0-1

[Event "XXVI Festival A"]
[Site "Arco ITA"]
[Date "2014.10.05"]
[Round "2"]
[White "Renzi, Marco"]
[Black "Dittmar, Peter"]
[WhiteElo "1902"]
[BlackElo "2293"]
[Result "0-1"]
[PlyCount "100"]
[EventDate "2014.10.04"]

1. e4 Nf6 2. Nc3 d5 3. exd5 Nxd5 4. Qf3 e6 5. d4 Be7 6. Bd2 O-O 7. Bd3 Nb4 8.
Nge2 Nxd3+ 9. Qxd3 Nd7 10. O-O-O b6 11. h4 Bb7 12. Rh2 Nf6 13. f3 c5 14. Ne4
Bxe4 15. fxe4 Ng4 16. Qg3 Nxh2 17. Bh6 Bf6 18. e5 Qc7 19. Bf4 Be7 20. Bh6 g6
21. Bxf8 Bxf8 22. Qxh2 Rd8 23. Qf4 Bg7 24. h5 cxd4 25. hxg6 hxg6 26. Nxd4 Qxe5
27. Qxe5 Bxe5 28. c3 Bxd4 29. cxd4 Kg7 30. Kc2 Rd5 31. Rd2 Kf6 32. Kc3 Ke7 33.
a4 Kd6 34. b4 Rg5 35. Kc4 a6 36. b5 a5 37. Rf2 f5 38. Rd2 Rg3 39. Ra2 g5 40.
Ra1 Rxg2 41. Rh1 Rb2 42. Rh7 Rb4+ 43. Kd3 Rxa4 44. Rb7 g4 45. Rxb6+ Kd5 46. Ke3
Rxd4 47. Ra6 f4+ 48. Ke2 f3+ 49. Ke1 g3 50. Rxa5 f2+ 0-1

[Event "XXVI Festival A"]
[Site "Arco ITA"]
[Date "2014.10.05"]
[Round "2"]
[White "Reyna Hernandez, Sandor"]
[Black "Taufer, Livio"]
[WhiteElo "1941"]
[BlackElo "1709"]
[Result "0-1"]
[PlyCount "90"]
[EventDate "2014.10.04"]

1. d4 Nf6 2. c4 g6 3. Nc3 Bg7 4. e4 d6 5. f4 c5 6. d5 O-O 7. Nf3 a6 8. a4 Nbd7
9. Be2 Re8 10. O-O Nf8 11. e5 N6d7 12. exd6 exd6 13. Ng5 Nf6 14. Bf3 Bf5 15. g4
Bd7 16. h3 b5 17. axb5 axb5 18. Rxa8 Qxa8 19. cxb5 Qb8 20. Qd3 h6 21. Nge4 Nxe4
22. Bxe4 c4 23. Qc2 Bxb5 24. Nxb5 Qxb5 25. f5 Qc5+ 26. Kh1 Qd4 27. Bg2 g5 28.
Rd1 Qc5 29. Bf1 Rc8 30. Qe4 Be5 31. Be3 Qb4 32. Bd4 c3 33. bxc3 Rxc3 34. Kg1
Nd7 35. Bxe5 Qxe4 36. Bxc3 Qe3+ 37. Kg2 Qxc3 38. Rd3 Qc2+ 39. Kg1 Ne5 40. Re3
Qc5 41. Kf2 Qxd5 42. Be2 Qd2 43. Ra3 d5 44. Ra8+ Kg7 45. Ra6 d4 0-1

[Event "XXVI Festival A"]
[Site "Arco ITA"]
[Date "2014.10.05"]
[Round "2"]
[White "Ricci, Alfredo"]
[Black "Kern, Beat"]
[WhiteElo "1949"]
[BlackElo "1622"]
[Result "1-0"]
[PlyCount "77"]
[EventDate "2014.10.04"]

1. e4 c6 2. d4 d5 3. exd5 cxd5 4. Bd3 e6 5. Bf4 Nc6 6. c3 Bd6 7. Bxd6 Qxd6 8.
Nf3 Nf6 9. O-O O-O 10. Qe2 Bd7 11. Nbd2 Rac8 12. Ne5 a6 13. a4 Nb8 14. f4 Rc7
15. g4 Bc6 16. g5 Ne4 17. Nxe4 dxe4 18. Bxe4 Bxe4 19. Qxe4 Qd5 20. Qxd5 exd5
21. Nd3 a5 22. Rfe1 Nc6 23. Re2 f6 24. Rae1 fxg5 25. fxg5 g6 26. Rf2 Rcf7 27.
Rxf7 Rxf7 28. Kg2 Kg7 29. Kg3 Rf5 30. h4 h6 31. gxh6+ Kxh6 32. Ne5 Kg7 33. Nxc6
bxc6 34. Re6 Rf1 35. Rxc6 Rb1 36. Rb6 Rd1 37. Rb5 Rd2 38. Rxa5 Rxb2 39. Rxd5
1-0

[Event "XXVI Festival A"]
[Site "Arco ITA"]
[Date "2014.10.05"]
[Round "2"]
[White "Rotstein, Arkadij"]
[Black "Reinert, Stephane"]
[WhiteElo "2499"]
[BlackElo "2059"]
[Result "1-0"]
[PlyCount "85"]
[EventDate "2014.10.04"]

1. c4 b6 2. Nc3 e6 3. e4 Bb7 4. Nf3 d6 5. d4 Nd7 6. Bd3 Ngf6 7. O-O Be7 8. Re1
e5 9. d5 O-O 10. g3 g6 11. Bh6 Re8 12. h3 Bf8 13. Bg5 h6 14. Be3 Nc5 15. Bc2 a5
16. Qd2 Kh7 17. a3 Qd7 18. Kg2 Bc8 19. Rh1 Re7 20. Rab1 g5 21. b4 axb4 22. axb4
Nb7 23. Ne2 Ra2 24. g4 Re8 25. Ng3 Qd8 26. Ra1 Rxa1 27. Rxa1 Bd7 28. Nf5 Ng8
29. Ba4 Bxa4 30. Rxa4 Qd7 31. Ra7 Rb8 32. h4 Nf6 33. hxg5 Nxg4 34. gxh6 f6 35.
Nh2 Nxe3+ 36. Qxe3 Nd8 37. Ng4 Qf7 38. Qh3 Rc8 39. Qh4 Qg6 40. f3 Nf7 41. Qxf6
Nxh6 42. Qxg6+ Kxg6 43. Ngxh6 1-0

[Event "XXVI Festival A"]
[Site "Arco ITA"]
[Date "2014.10.05"]
[Round "2"]
[White "Russo, Carmelo"]
[Black "Perman, Denis"]
[WhiteElo "1659"]
[BlackElo "1835"]
[Result "0-1"]
[PlyCount "76"]
[EventDate "2014.10.04"]

1. d4 g6 2. c4 f5 3. g3 Bg7 4. Nf3 Nf6 5. Bg2 O-O 6. Nc3 d6 7. O-O Qe8 8. d5 a5
9. Re1 Na6 10. Nh4 h6 11. Nf3 g5 12. e3 Qg6 13. Nd4 Nc5 14. Ncb5 Ne8 15. Nc3 f4
16. e4 Qf6 17. Nf3 g4 18. e5 Qg6 19. Nh4 Qh5 20. Bxf4 Rxf4 21. gxf4 Qxh4 22.
Ne4 Nxe4 23. Rxe4 Bf5 24. Re3 h5 25. Qd4 Bh6 26. Rae1 Ng7 27. exd6 exd6 28. Re7
Rf8 29. Rxc7 Bg6 30. Ree7 Nf5 31. Qe4 Nxe7 32. Qe6+ Rf7 33. Rxe7 Qxe7 34. Qxg6+
Bg7 35. f5 Qf6 36. Qxh5 Qxf5 37. Qh4 Bd4 38. Kh1 Qb1+ 0-1

[Event "XXVI Festival A"]
[Site "Arco ITA"]
[Date "2014.10.05"]
[Round "2"]
[White "Satter, Manfred"]
[Black "Menon, Michele"]
[WhiteElo "1851"]
[BlackElo "1703"]
[Result "1-0"]
[PlyCount "53"]
[EventDate "2014.10.04"]

1. Nf3 Nf6 2. c4 e6 3. g3 d5 4. Bg2 c5 5. O-O Be7 6. d4 O-O 7. cxd5 Nxd5 8.
dxc5 Bxc5 9. Qc2 Qb6 10. Nc3 Bd7 11. Nxd5 exd5 12. Ne5 Qc7 13. e3 Qxe5 14. Qxc5
Be6 15. Qb5 Nc6 16. Bd2 Qd6 17. Bc3 Rfd8 18. Rfd1 Ne7 19. Rd2 a6 20. Qe2 Qc6
21. a3 Rac8 22. Rad1 b5 23. Qh5 g6 24. Qg5 Nf5 25. g4 h6 26. Qf6 d4 27. exd4
1-0

[Event "XXVI Festival A"]
[Site "Arco ITA"]
[Date "2014.10.05"]
[Round "2"]
[White "Schneider, Johannes"]
[Black "Iacchetti, Giovanni"]
[WhiteElo "1854"]
[BlackElo "1714"]
[Result "1-0"]
[PlyCount "51"]
[EventDate "2014.10.04"]

1. d4 d6 2. c4 f5 3. Nc3 Nf6 4. Nf3 g6 5. g3 Bg7 6. Bg2 O-O 7. O-O c6 8. Bf4
Nh5 9. Bd2 f4 10. Qc1 e5 11. e3 g5 12. dxe5 dxe5 13. exf4 exf4 14. Rd1 Qc7 15.
Nxg5 fxg3 16. fxg3 Bg4 17. Rf1 Re8 18. Qc2 Bd4+ 19. Kh1 Qg7 20. Rf7 Qg6 21.
Qxg6+ hxg6 22. Rxb7 a5 23. Re1 Rxe1+ 24. Bxe1 Nf6 25. Nce4 Bxb2 26. Rxb2 1-0

[Event "XXVI Festival A"]
[Site "Arco ITA"]
[Date "2014.10.05"]
[Round "2"]
[White "Sigillo, Carmelo"]
[Black "Blasco, Domenico"]
[WhiteElo "1737"]
[BlackElo "1899"]
[Result "0-1"]
[PlyCount "62"]
[EventDate "2014.10.04"]

1. e4 g6 2. d4 Bg7 3. Nc3 a6 4. a4 b6 5. Nf3 d6 6. h3 Nd7 7. Bg5 h6 8. Be3 e6
9. Bd3 Ne7 10. Qd2 Bb7 11. Ne2 Nf6 12. Ng3 d5 13. exd5 Nexd5 14. c4 Nxe3 15.
fxe3 Qd6 16. Kf2 h5 17. Ne5 h4 18. Ne2 Ne4+ 19. Bxe4 Bxe4 20. Qc3 Rd8 21. Nf3
Qe7 22. Rad1 O-O 23. b4 c5 24. bxc5 bxc5 25. Qa5 Bxf3 26. gxf3 cxd4 27. Nxd4
Bxd4 28. Rxd4 Rxd4 29. exd4 Qd6 30. Qd2 Rb8 31. a5 Qg3+ 0-1

[Event "XXVI Festival A"]
[Site "Arco ITA"]
[Date "2014.10.05"]
[Round "2"]
[White "Simeone, Giulio"]
[Black "Gulinelli, Euro"]
[WhiteElo "1991"]
[BlackElo "1632"]
[Result "1-0"]
[PlyCount "57"]
[EventDate "2014.10.04"]

1. c4 e5 2. Nc3 Nc6 3. Nf3 g6 4. d4 exd4 5. Nxd4 Bg7 6. Nf3 Nge7 7. e4 O-O 8.
Be2 d6 9. Bg5 h6 10. Be3 Be6 11. Qd2 Kh7 12. O-O Ne5 13. Nxe5 dxe5 14. Rad1
Qxd2 15. Rxd2 Rfd8 16. Rfd1 Rxd2 17. Rxd2 a6 18. Nd5 Bxd5 19. cxd5 Rd8 20. Rc2
Rd7 21. Bc5 f5 22. f3 f4 23. g3 g5 24. Bf1 Ng6 25. Bh3 Rd8 26. Bb4 c6 27. dxc6
bxc6 28. Rxc6 fxg3 29. Bf5 1-0

[Event "XXVI Festival A"]
[Site "Arco ITA"]
[Date "2014.10.05"]
[Round "2"]
[White "Stiefel, Roland"]
[Black "Rahls, Peter"]
[WhiteElo "2037"]
[BlackElo "2265"]
[Result "0-1"]
[PlyCount "82"]
[EventDate "2014.10.04"]

1. d4 d5 2. Nf3 Nf6 3. Bf4 c6 4. e3 Nbd7 5. h3 e6 6. Bd3 Ne4 7. O-O Be7 8. Nfd2
f5 9. c4 O-O 10. f3 Nd6 11. Nc3 Nf6 12. Qc2 g6 13. c5 Nf7 14. b4 Nh5 15. Bh2 e5
16. g4 Ng7 17. Nb3 e4 18. fxe4 fxe4 19. Be2 Bg5 20. Qd2 Bh6 21. Kg2 Ne6 22. b5
Bd7 23. a4 Qg5 24. Nd1 Qe7 25. Na5 Ned8 26. Rb1 Bg7 27. Nc3 Rc8 28. bxc6 bxc6
29. Ba6 h5 30. Bxc8 Bxc8 31. Rb8 Qd7 32. Qe2 Ng5 33. Rxf8+ Bxf8 34. Bf4 Nf3 35.
Kh1 g5 36. Be5 hxg4 37. Bf6 Nf7 38. Nxe4 dxe4 39. d5 g3 40. Qf1 Qxd5 41. Nb3
Bxh3 0-1

[Event "XXVI Festival A"]
[Site "Arco ITA"]
[Date "2014.10.05"]
[Round "2"]
[White "Vezzosi, Paolo"]
[Black "Giaracuni, Claudio"]
[WhiteElo "2284"]
[BlackElo "1776"]
[Result "1-0"]
[PlyCount "41"]
[EventDate "2014.10.04"]

1. d4 d5 2. Nf3 e6 3. c4 c6 4. Nbd2 Nf6 5. e3 Nbd7 6. Bd3 Be7 7. O-O O-O 8. Qe2
b6 9. e4 dxe4 10. Nxe4 Bb7 11. Rd1 Re8 12. Bf4 Nf8 13. Ne5 Ng6 14. Bg3 Rc8 15.
Nxf7 Nxe4 16. Nxd8 Nxg3 17. Qxe6+ Kh8 18. Nf7+ Kg8 19. Nh6+ Kh8 20. Qg8+ Rxg8
21. Nf7# 1-0

[Event "XXVI Festival A"]
[Site "Arco ITA"]
[Date "2014.10.05"]
[Round "2"]
[White "Zangrando, Gianpietro"]
[Black "Paleologu, Vladimir"]
[WhiteElo "1864"]
[BlackElo "2170"]
[Result "0-1"]
[PlyCount "62"]
[EventDate "2014.10.04"]

1. Nf3 f5 2. b3 d6 3. d4 g6 4. Bb2 Bg7 5. Nbd2 Nf6 6. g3 O-O 7. e3 h6 8. Bd3
Qe8 9. Qe2 Nc6 10. a3 e5 11. dxe5 Ng4 12. O-O-O Ngxe5 13. Nxe5 Bxe5 14. Nf3
Bxb2+ 15. Kxb2 a6 16. Bc4+ Kh7 17. Qd2 Qe7 18. Qc3 Qg7 19. Rhe1 Bd7 20. Qxg7+
Kxg7 21. Nd4 Ne5 22. Be2 Ng4 23. Bxg4 fxg4 24. Rd2 c5 25. Ne2 Rxf2 26. Rxd6 Bf5
27. Kc3 Re8 28. Kd2 Re7 29. Kd1 Be4 30. Nf4 Rxh2 31. c4 Rf2 0-1

[Event "XXVI Festival A"]
[Site "Arco ITA"]
[Date "2014.10.05"]
[Round "2"]
[White "Zenatto, Giuliano"]
[Black "Dalla Vecchia, Paolo"]
[WhiteElo "1732"]
[BlackElo "1897"]
[Result "1/2-1/2"]
[PlyCount "96"]
[EventDate "2014.10.04"]

1. d4 Nf6 2. c4 e6 3. Nc3 Bb4 4. Qc2 Nc6 5. e3 e5 6. d5 Nb8 7. a3 Bxc3+ 8. Qxc3
d6 9. Bd3 Qe7 10. e4 Nbd7 11. b4 b6 12. Ne2 h6 13. Ng3 Nf8 14. Nf5 Bxf5 15.
exf5 e4 16. O-O Qd7 17. Re1 Qxf5 18. f3 O-O-O 19. fxe4 Qe5 20. Bb2 Ng4 21. Qxe5
Nxe5 22. Bxe5 dxe5 23. c5 Kb7 24. c6+ Kb8 25. b5 Ng6 26. a4 Nf4 27. Bc2 Rd6 28.
a5 Rc8 29. axb6 cxb6 30. Ra3 Rg6 31. g3 Nh3+ 32. Kh1 Rc7 33. Rf1 Rd6 34. Kg2
Ng5 35. h4 Nh7 36. Raf3 f6 37. R3f2 Nf8 38. g4 Ng6 39. Kg3 Nf4 40. Rd1 g5 41.
hxg5 fxg5 42. Rh1 Rg6 43. Rd2 Rd6 44. Rdh2 Rh7 45. Bb1 Kc7 46. Bc2 Rg6 47. Ra1
Kb8 48. Rd2 Rd6 1/2-1/2

[Event "XXVI Festival A"]
[Site "Arco ITA"]
[Date "2014.10.05"]
[Round "2"]
[White "Ziltener, Werner"]
[Black "Medancic, Rikard"]
[WhiteElo "1997"]
[BlackElo "2202"]
[Result "0-1"]
[PlyCount "108"]
[EventDate "2014.10.04"]

1. Nf3 c5 2. c4 Nf6 3. Nc3 Nc6 4. e4 d6 5. d4 cxd4 6. Nxd4 g6 7. Be2 Bg7 8. Be3
O-O 9. O-O a6 10. h3 Bd7 11. Qd2 Rb8 12. f4 b5 13. cxb5 Nxd4 14. Bxd4 axb5 15.
Bf3 b4 16. Nd5 Nxd5 17. exd5 Bxd4+ 18. Qxd4 Re8 19. Rfe1 f6 20. Bd1 Kf7 21. Bb3
Qa5 22. Rac1 Rbc8 23. Rxc8 Rxc8 24. Kh2 Qc5 25. Qe4 Re8 26. Qe2 Qd4 27. Qe4
Qxb2 28. Qxb4 h5 29. Qc4 Qf2 30. Re2 Qa7 31. Qe4 Bf5 32. Qe3 Qd7 33. Re1 Rc8
34. Rc1 Rxc1 35. Qxc1 Qa7 36. Qg1 Qa6 37. Qd4 Qe2 38. Bc4 Qe1 39. Bb3 h4 40.
Bc4 Be4 41. Qb2 Qg3+ 42. Kg1 Qxf4 43. Qf2 Qc1+ 44. Qf1 Qc3 45. Bb3 g5 46. Qe2
Qd4+ 47. Qf2 Qb4 48. Qe3 Kg6 49. a3 Qc5 50. Qxc5 dxc5 51. a4 Bd3 52. a5 Kf5 53.
Bc2 Bxc2 54. a6 Be4 0-1

[Event "XXVI Festival A"]
[Site "Arco ITA"]
[Date "2014.10.05"]
[Round "2"]
[White "Zucchelli, Massimo"]
[Black "Oppici, Gabriele"]
[WhiteElo "2190"]
[BlackElo "1987"]
[Result "1/2-1/2"]
[PlyCount "125"]
[EventDate "2014.10.04"]

1. d4 d6 2. Nf3 Bg4 3. g3 Bxf3 4. exf3 Nd7 5. Bg2 c6 6. O-O Ngf6 7. c4 g6 8.
Nc3 Bg7 9. f4 O-O 10. Be3 Nb6 11. b3 d5 12. c5 Nbd7 13. b4 b6 14. Qd3 bxc5 15.
bxc5 Qa5 16. Bd2 Qc7 17. Rab1 Rab8 18. h3 Rxb1 19. Rxb1 Rb8 20. Bf1 Rxb1 21.
Qxb1 Nh5 22. Qb4 f6 23. Ba6 e5 24. Ne2 Nb8 25. Bb7 Bh6 26. Ba8 Ng7 27. fxe5
Bxd2 28. Qxd2 fxe5 29. dxe5 Nd7 30. Nd4 Nxe5 31. Qf4 Nh5 32. Qe3 Qb8 33. Bxc6
Nxc6 34. Nxc6 Qb1+ 35. Kg2 Qxa2 36. Qe8+ Kg7 37. Qe7+ Kg8 38. Qe6+ Kg7 39. Ne7
Nf6 40. Qe5 Kf7 41. c6 Ne4 42. Qxd5+ Qxd5 43. Nxd5 Ke6 44. c7 Nd6 45. Nc3 Kd7
46. Kf3 Kxc7 47. Kf4 Kc6 48. Ke3 Kc5 49. Kd3 a5 50. f4 Kb4 51. g4 a4 52. Nxa4
Kxa4 53. Kd4 Kb5 54. Kd5 Nf7 55. Ke6 Nd8+ 56. Ke7 Nc6+ 57. Kf6 Kc5 58. Kg7 Kd5
59. Kxh7 Ke4 60. Kxg6 Kxf4 61. g5 Ne5+ 62. Kf6 Nd7+ 63. Ke7 1/2-1/2

[Event "XXVI Festival A"]
[Site "Arco ITA"]
[Date "2014.10.06"]
[Round "3"]
[White "Ager, Josef"]
[Black "Guido, Flavio"]
[WhiteElo "2125"]
[BlackElo "2356"]
[Result "0-1"]
[PlyCount "72"]
[EventDate "2014.10.04"]

1. Nf3 Nf6 2. b3 c5 3. e3 g6 4. Bb2 Bg7 5. d4 d5 6. dxc5 Qa5+ 7. Nbd2 O-O 8.
Bd3 Nbd7 9. O-O Nxc5 10. Be2 Rd8 11. a3 Nce4 12. b4 Qb6 13. Bd4 Qc7 14. Be5 Qb6
15. Bd4 Qc7 16. Be5 Qc6 17. Nxe4 Nxe4 18. Bxg7 Kxg7 19. Qd4+ f6 20. c4 e5 21.
Qd3 Bf5 22. cxd5 Rxd5 23. Rac1 Rxd3 24. Rxc6 Rxa3 25. Rc7+ Kh6 26. Rxb7 Rc8 27.
Nh4 Be6 28. Re7 Bg8 29. Re1 Rc2 30. g4 Rb2 31. Nf3 Raa2 32. g5+ Nxg5 33. Nxg5
Kxg5 34. f4+ exf4 35. exf4+ Kxf4 36. b5 f5 0-1

[Event "XXVI Festival A"]
[Site "Arco ITA"]
[Date "2014.10.06"]
[Round "3"]
[White "Agostinelli, Andrea"]
[Black "Wagner, Frank"]
[WhiteElo "1717"]
[BlackElo "1898"]
[Result "1/2-1/2"]
[PlyCount "35"]
[EventDate "2014.10.04"]

1. c4 Nf6 2. Nc3 c6 3. g3 e6 4. Bg2 Be7 5. Nf3 O-O 6. O-O d5 7. cxd5 exd5 8. d4
Bg4 9. Qb3 Qc8 10. Bg5 h6 11. Bxf6 Bxf6 12. e3 Nd7 13. Rac1 Nb6 14. Nd2 Qd7 15.
Na4 Nxa4 16. Qxa4 Be2 17. Rfe1 Bb5 18. Qc2 1/2-1/2

[Event "XXVI Festival A"]
[Site "Arco ITA"]
[Date "2014.10.06"]
[Round "3"]
[White "Anguera Maestro, Jaime"]
[Black "Gardini, Enrico"]
[WhiteElo "2058"]
[BlackElo "1850"]
[Result "1-0"]
[PlyCount "39"]
[EventDate "2014.10.04"]

1. d4 Nf6 2. Nf3 d5 3. Bf4 Bf5 4. e3 e6 5. Nbd2 Be7 6. h3 h6 7. Ne5 Ne4 8. Bd3
Nd7 9. Bxe4 dxe4 10. O-O O-O 11. c3 Nf6 12. Re1 c5 13. Nb3 Rc8 14. Qe2 Nd5 15.
Rad1 f6 16. Nc4 cxd4 17. Nxd4 Nxf4 18. exf4 Qc7 19. Ne3 Qxf4 20. Nexf5 1-0

[Event "XXVI Festival A"]
[Site "Arco ITA"]
[Date "2014.10.06"]
[Round "3"]
[White "Astengo, Corrado"]
[Black "Ricci, Alfredo"]
[WhiteElo "2129"]
[BlackElo "1949"]
[Result "1-0"]
[PlyCount "52"]
[EventDate "2014.10.04"]

1. e4 c5 2. Nf3 e6 3. d4 cxd4 4. Nxd4 a6 5. Nc3 Qc7 6. Bd3 Nf6 7. O-O d6 8. Kh1
Nbd7 9. f4 b5 10. Qf3 Bb7 11. a3 Be7 12. Bd2 O-O 13. Rae1 Nc5 14. Qh3 Nxd3 15.
cxd3 Rfe8 16. e5 Nd7 17. f5 Nxe5 18. fxe6 fxe6 19. Qxe6+ Kh8 20. Nd5 Bxd5 21.
Qxd5 Qc5 22. Qxc5 dxc5 23. Rxe5 cxd4 24. Rfe1 Ra7 25. Bb4 Kg8 26. Rxe7 Rc8 1-0

[Event "XXVI Festival A"]
[Site "Arco ITA"]
[Date "2014.10.06"]
[Round "3"]
[White "Beltrami, Nerio"]
[Black "Cardili, Mariano"]
[WhiteElo "1909"]
[BlackElo "2097"]
[Result "0-1"]
[PlyCount "90"]
[EventDate "2014.10.04"]

1. e4 c6 2. Nf3 d5 3. Nc3 Bg4 4. h3 Bxf3 5. Qxf3 e6 6. d4 dxe4 7. Nxe4 Qxd4 8.
Bd3 Nd7 9. O-O Ne5 10. Qe2 Nxd3 11. cxd3 Be7 12. Be3 Qd7 13. Qg4 g6 14. Qf3 Qd8
15. Rad1 Nf6 16. Bh6 Nd5 17. Rfe1 Qd7 18. Bg7 Rg8 19. Be5 f5 20. Nd2 Bg5 21. a3
Bxd2 22. Rxd2 h5 23. Bh2 Kf7 24. Re5 Rae8 25. d4 Nf6 26. Bg3 g5 27. h4 gxh4 28.
Bxh4 Rg4 29. Bxf6 Kxf6 30. Qe3 Reg8 31. f3 R4g6 32. Qf4 Kf7 33. Qh4 Qe7 34.
Qxh5 Qf6 35. Qh2 Rh8 36. Qf4 Rh4 37. Qe3 Rgh6 38. Kf1 Rh2 39. Rf2 Qd8 40. b4
Rh1+ 41. Ke2 Qb6 42. f4 Qa6+ 43. Kf3 R6h3+ 44. g3 Rg1 45. Rg2 Qf1+ 0-1

[Event "XXVI Festival A"]
[Site "Arco ITA"]
[Date "2014.10.06"]
[Round "3"]
[White "Bondielli, Giorgio"]
[Black "Gousseinov, Aguif"]
[WhiteElo "1822"]
[BlackElo "1985"]
[Result "1/2-1/2"]
[PlyCount "76"]
[EventDate "2014.10.04"]

1. e4 e5 2. Nf3 Nf6 3. Nxe5 d6 4. Nf3 Nxe4 5. Nc3 Nxc3 6. dxc3 Be7 7. Bf4 Be6
8. Bd3 Nc6 9. Qd2 Qd7 10. h3 Bf5 11. O-O-O Bxd3 12. Qxd3 O-O-O 13. Rhe1 Bf6 14.
Re2 h6 15. Rde1 Rde8 16. Rxe8+ Rxe8 17. Rxe8+ Qxe8 18. Qe3 Qxe3+ 19. Bxe3 Ne5
20. Nxe5 dxe5 21. Kd2 b6 22. Kd3 Kd7 23. Ke4 Ke6 24. f4 exf4 25. Bxf4 c6 26.
Bb8 a6 27. Bc7 b5 28. Bb6 Be5 29. Bd4 f5+ 30. Ke3 h5 31. h4 Kd5 32. Bb6 Bg3 33.
Bd8 f4+ 34. Kf3 Ke5 35. Be7 c5 36. Bxc5 Bxh4 37. Bd4+ Kf5 38. Bxg7 Be7 1/2-1/2

[Event "XXVI Festival A"]
[Site "Arco ITA"]
[Date "2014.10.06"]
[Round "3"]
[White "Bruno, Fabio"]
[Black "Krauss, Josef"]
[WhiteElo "2422"]
[BlackElo "2158"]
[Result "1-0"]
[PlyCount "73"]
[EventDate "2014.10.04"]

1. d4 d5 2. Nf3 Nf6 3. c4 c6 4. Nc3 a6 5. a4 e6 6. Bg5 Nbd7 7. e3 Qa5 8. Nd2
Bb4 9. Rc1 dxc4 10. Bxf6 Nxf6 11. Nxc4 Qd8 12. Be2 O-O 13. O-O a5 14. Bf3 Ra6
15. Qe2 Nd5 16. Ne4 Qe7 17. Rfd1 f5 18. Nc3 Qh4 19. g3 Qh6 20. Ne5 Bd6 21. Bg2
Qf6 22. f4 Bxe5 23. dxe5 Qe7 24. e4 Nxc3 25. Rxc3 Rb6 26. Rd6 Rb4 27. Rc4 Rb6
28. Qf2 Rb3 29. Qc2 Rb6 30. h4 Re8 31. Rcd4 c5 32. Rd2 Rb4 33. exf5 exf5 34.
Qxc5 Rxa4 35. Qb5 Ra1+ 36. Kh2 Be6 37. Rxe6 1-0

[Event "XXVI Festival A"]
[Site "Arco ITA"]
[Date "2014.10.06"]
[Round "3"]
[White "Buck, Klaus-Michael"]
[Black "Scholz, Herbert"]
[WhiteElo "1679"]
[BlackElo "1897"]
[Result "1/2-1/2"]
[PlyCount "39"]
[EventDate "2014.10.04"]

1. Nf3 Nf6 2. b3 e6 3. Bb2 Be7 4. e3 b6 5. g3 Bb7 6. Bg2 d6 7. O-O O-O 8. c4 c5
9. Qc2 Nbd7 10. d3 Qc7 11. Nc3 a6 12. Ne2 e5 13. e4 Ne8 14. Nd2 f5 15. Nc3 Nef6
16. Bh3 f4 17. Be6+ Kh8 18. Bd5 Bxd5 19. exd5 fxg3 20. fxg3 1/2-1/2

[Event "XXVI Festival A"]
[Site "Arco ITA"]
[Date "2014.10.06"]
[Round "3"]
[White "Buglisi, Massimo"]
[Black "Karl, Hans"]
[WhiteElo "1923"]
[BlackElo "2105"]
[Result "1/2-1/2"]
[PlyCount "30"]
[EventDate "2014.10.04"]

1. e4 e5 2. Nf3 Nc6 3. d4 exd4 4. Nxd4 Bc5 5. Nxc6 Qf6 6. Qf3 Qxf3 7. gxf3 dxc6
8. Bc4 Be6 9. Bxe6 fxe6 10. Rg1 Kf7 11. Be3 Bxe3 12. fxe3 Nf6 13. Nd2 b5 14.
Nb3 a5 15. Rd1 a4 1/2-1/2

[Event "XXVI Festival A"]
[Site "Arco ITA"]
[Date "2014.10.06"]
[Round "3"]
[White "Catalfamo, Santo"]
[Black "Galliani, William"]
[WhiteElo "1696"]
[BlackElo "1458"]
[Result "1-0"]
[PlyCount "51"]
[EventDate "2014.10.04"]

1. b3 e5 2. Bb2 Nc6 3. Nf3 e4 4. Nd4 d5 5. e3 Nf6 6. Bb5 Bd7 7. Nxc6 bxc6 8.
Be2 Bd6 9. c4 O-O 10. O-O g5 11. h3 h6 12. d3 Be6 13. Nd2 Kh7 14. dxe4 dxe4 15.
Bxf6 Qxf6 16. Nxe4 Qe5 17. Nxd6 cxd6 18. Qd4 Qxd4 19. exd4 Rab8 20. f4 g4 21.
Bd3+ Kg7 22. Rae1 Rbe8 23. hxg4 Bxg4 24. Kf2 h5 25. Be2 Bd7 26. Bxh5 1-0

[Event "XXVI Festival A"]
[Site "Arco ITA"]
[Date "2014.10.06"]
[Round "3"]
[White "D'Aste, Federico"]
[Black "Bottesi, Gianluca"]
[WhiteElo "1453"]
[BlackElo "1692"]
[Result "1-0"]
[PlyCount "41"]
[EventDate "2014.10.04"]

1. e4 c5 2. Nc3 g6 3. g3 Bg7 4. Bg2 Nc6 5. Nge2 Nf6 6. O-O O-O 7. d3 d6 8. h3
Bd7 9. Be3 a6 10. Qd2 Re8 11. f4 Qc8 12. Kh2 e5 13. Rf2 Nd4 14. Raf1 Qd8 15.
fxe5 dxe5 16. Bg5 Re6 17. Nxd4 cxd4 18. Nd5 Rc8 19. Nxf6+ Bxf6 20. Rxf6 Rxf6
21. Bxf6 1-0